[Event "another knock out "]
[Site "SchemingMind.com"]
[Date "2008.04.28"]
[Round "-"]
[White "Schaakmaatje"]
[Black "Mariazb"]
[Result "0-1"]
[WhiteCountry "NED"]
[BlackCountry "ARG"]
[WhiteElo "1851"]
[WhiteRD "48"]
[BlackElo "2289"]
[BlackRD "80"]
[GameID "151826"]

1. e4 c6 2. d4 d5 3. Nc3 dxe4 4. Nxe4 Nd7 5. Nf3 Ngf6 6. Bd3 Nxe4 7. Bxe4 Nf6 8. Qd3 g6 9. Bf4 Nxe4 10. Qxe4 Bg7
11. O-O O-O 12. Rfe1 Re8 13. Rad1 Qa5 14. a3 Bf5 15. Qe2 Rad8 16. c3 Qa4 17. Nh4 Be6 18. Be5 Bb3 19. Rd2 Bh6 20. h3 f6
21. Bg3 Bxd2 22. Qxd2 e5 23. Qh6 exd4 24. Rxe8+ Rxe8 25. Nxg6 Qa5 26. cxd4 Qb5 27. Bd6 Qg5 28. Ne7+ Kf7 29. Qxh7+ Ke6 30. Bb4 a5
31. Bc5 Qc1+ 32. Kh2 Qf4+ 33. Kg1 b6 34. Bxb6 Rxe7 35. Qg8+ Rf7 36. Qc8+ Kd5 37. Qg8 Qc1+ 38. Kh2 Ke4 39. Qg6+ f5 40. Qg3 Bd1
41. Qe5+ Kd3 42. d5 Qc4 43. d6 Kc2 44. Bxa5 f4 45. Bb6 Qd3 46. Qc5+ Kb1 47. Qxc6 f3 48. Be3 fxg2 49. Qxg2 Qxd6+ 50. Qg3 Qxg3+
51. fxg3 Kxb2 52. Bc5 Rc7 53. Bb4 Rc2+ 54. Kg1 Bf3 55. g4 Kb3 56. Kf1 Bg2+ 57. Ke1 Bxh3 58. g5 Kc4 59. g6 Kd3 60. g7 Re2+
61. Kd1 Rg2 62. Ke1 Rxg7 63. Kf2 Ke4 64. Bc5 Rg2+ 65. Ke1 Kd3 66. Kd1 Rd2+
0-1

[Event "another knock out "]
[Site "SchemingMind.com"]
[Date "2008.05.01"]
[Round "-"]
[White "kotofey"]
[Black "fer_even"]
[Result "0-1"]
[WhiteCountry "LAT"]
[BlackCountry "ARG"]
[WhiteElo "2455"]
[WhiteRD "90"]
[BlackElo "2548"]
[BlackRD "93"]
[GameID "152906"]

1. e4 c5 2. Nf3 g6 3. d4 cxd4 4. Nxd4 Bg7 5. Nc3 Nc6 6. Be3 Nf6 7. Bc4 O-O 8. Bb3 a5 9. O-O d6 10. f3 Nxd4
11. Bxd4 Be6 12. Re1 Rc8 13. Qd2 Nd7 14. Bxg7 Kxg7 15. Qd4+ Kg8 16. Rad1 Qb6 17. Kf2 Qxd4+ 18. Rxd4 Rc7 19. Nd5 Bxd5 20. exd5 b5
21. c3 Nc5 22. Bc2 Rb8 23. Bb1 b4 24. c4 b3 25. a3 Na4 26. Re2 Rbc8 27. Bd3 Nb6 28. Re3 Nxc4 29. Bxc4 Rxc4 30. Rxc4 Rxc4
31. Rxb3 Rc5 32. Rb7 Kf8 33. b4 axb4 34. axb4 Rxd5 35. Ke3 g5 36. b5 f6 37. b6 Rb5 38. f4 gxf4+ 39. Kxf4 h5 40. Rb8+ Kf7
41. Ke3 Ke6 42. Kd4 d5 43. g3 Kd6 44. Kc3 Kc6 45. Re8 e5 46. Re6+ Kc5 47. Rxf6 d4+ 48. Kd3= Rb3+ 49. Kc2 Rxb6 50. Rf5 Kd5
51. Rxh5 Ke4
0-1

[Event "another knock out "]
[Site "SchemingMind.com"]
[Date "2008.05.01"]
[Round "-"]
[White "fer_even"]
[Black "kotofey"]
[Result "1-0"]
[WhiteCountry "ARG"]
[BlackCountry "LAT"]
[WhiteElo "2548"]
[WhiteRD "93"]
[BlackElo "2455"]
[BlackRD "90"]
[GameID "152918"]

1. d4 Nf6 2. c4 g6 3. Nc3 Bg7 4. e4 d6 5. Be2 O-O 6. Nf3 e5 7. O-O Nc6 8. d5 Ne7 9. b4 Nh5 10. Re1 f5
11. Ng5 Nf6 12. f3 Kh8 13. Qb3 Nh5 14. Bd3 fxe4 15. Ngxe4 Nf4 16. Ne2 Nxd3 17. Qxd3 Bd7 18. Rb1 a6 19. Bg5 Qe8 20. N2c3 Nf5
21. c5 Qf7 22. Be3 Bb5 23. Qd2 Qe7 24. Bf2 Bc4 25. Ng5 Rac8 26. f4 Kg8 27. Re4 b5 28. cxb6 cxb6 29. Na4 b5 30. Nb6 Rb8
31. Ne6 Rxb6 32. Nxf8 Rb8 33. Ne6 exf4 34. Rbe1 Be5 35. Nxf4 Qf6 36. Rd1 Bc3 37. Qc2 Be5 38. h3 Rc8 39. Ne6 Qf7 40. Rxe5 dxe5
41. Ng5 Qg7 42. d6 Rf8 43. Ne4 Nd4 44. Qd2 Rd8 45. Bh4 Rf8 46. Qg5 Ne6 47. Qe7
1-0

[Event "another knock out "]
[Site "SchemingMind.com"]
[Date "2008.06.21"]
[Round "-"]
[White "psb1101"]
[Black "Konan_Kaddosh"]
[Result "0-1"]
[WhiteCountry "USA"]
[BlackCountry "ITA"]
[WhiteElo "2147"]
[WhiteRD "163"]
[BlackElo "2562"]
[BlackRD "65"]
[GameID "160006"]

1. d4 Nf6 2. c4 e6 3. Nc3 Bb4 4. Nf3 d5 5. Bg5 h6 6. Bxf6 Qxf6 7. Qb3 c5 8. cxd5 exd5 9. a3 Bxc3+ 10. Qxc3 Nd7
11. e3 O-O 12. Be2 b6 13. O-O Bb7 14. Bd3 Rac8 15. Rac1 c4 16. Bc2 Rfe8 17. b4 a6
0-1

[Event "another knock out "]
[Site "SchemingMind.com"]
[Date "2008.06.20"]
[Round "-"]
[White "Konan_Kaddosh"]
[Black "psb1101"]
[Result "1-0"]
[WhiteCountry "ITA"]
[BlackCountry "USA"]
[WhiteElo "2562"]
[WhiteRD "65"]
[BlackElo "2147"]
[BlackRD "163"]
[GameID "160014"]

1. e4 e5 2. Nf3 Nc6 3. Bb5 a6 4. Ba4 d6 5. O-O Nf6 6. Re1 Be7 7. c3 O-O 8. d3 Bg4 9. Nbd2 b5 10. Bc2 d5
11. h3 Bh5 12. Bb3 d4 13. cxd4 exd4 14. g4 Bg6 15. Nh4 Qd7 16. f4 Na5 17. f5
1-0

[Event "another knock out "]
[Site "SchemingMind.com"]
[Date "2008.10.18"]
[Round "-"]
[White "Peacemaker"]
[Black "Mariazb"]
[Result "1-0"]
[WhiteCountry "GER"]
[BlackCountry "ARG"]
[WhiteElo "2448"]
[WhiteRD "70"]
[BlackElo "2306"]
[BlackRD "89"]
[GameID "175283"]

1. e4 c5 2. Nf3 d6 3. d4 cxd4 4. Nxd4 Nf6 5. Nc3 a6 6. Be2 e5 7. Nb3 Be7 8. O-O O-O 9. Be3 Be6 10. Qd2 Nbd7
11. a4 Rc8 12. a5 Qc7 13. Rfd1 Qc6 14. Bf3 Rfe8 15. Qe1 h6 16. Nc1 Ng4 17. Bd2 Nc5 18. N1a2 Qd7 19. Nb4 f5 20. Nbd5 fxe4
21. Nb6 Qc6 22. Nxe4 Nxe4 23. Nxc8 Rxc8 24. Qxe4 Qxe4 25. Bxe4 d5 26. Bf3 Rxc2 27. Bc3 Nxf2 28. Bxd5 Kf7 29. Bxe6+ Kxe6 30. Rdc1 Rxc1+
31. Rxc1 Nd3 32. Rd1 Nb4 33. Kf2 Nd5 34. Kf3 g5 35. Rc1 Bd6 36. Bd2 Ne7 37. g3 Kf5 38. g4+ Ke6 39. Rh1 Nc6 40. h4 Kd5
41. hxg5 hxg5 42. Rh7 e4+ 43. Ke2 Be7 44. Rg7 Nd4+ 45. Kd1 Nc6 46. Bxg5 Bd6 47. Bd2 Ne7 48. Ke2 Ke5 49. Rh7 Kd5 50. Bc3 Bc5
51. Rh6 Bd6 52. Rxd6+ Kxd6 53. Bb4+
1-0

[Event "another knock out "]
[Site "SchemingMind.com"]
[Date "2008.10.18"]
[Round "-"]
[White "krueger"]
[Black "fer_even"]
[Result "0-1"]
[WhiteCountry "USA"]
[BlackCountry "ARG"]
[WhiteElo "2183"]
[WhiteRD "94"]
[BlackElo "2518"]
[BlackRD "93"]
[GameID "175284"]

1. e4 c5 2. Nf3 Nc6 3. d4 cxd4 4. Nxd4 e6 5. Nc3 Qc7 6. Be2 a6 7. O-O Nf6 8. Be3 d6 9. f4 Be7 10. Kh1 O-O
11. Qe1 Nxd4 12. Bxd4 b5 13. a3 Bb7 14. Qg3 Rac8 15. Rad1 g6 16. Qe3 Nd7 17. Qg3 Bf6 18. f5 Ne5 19. Rf2 Qe7 20. Qh3 Rfe8
21. Rdf1 exf5 22. exf5 g5 23. Bd1 Rc4 24. Ne2 Nc6 25. Bxf6 Qxf6
0-1

[Event "another knock out "]
[Site "SchemingMind.com"]
[Date "2008.10.18"]
[Round "-"]
[White "Mariazb"]
[Black "Peacemaker"]
[Result "1/2-1/2"]
[WhiteCountry "ARG"]
[BlackCountry "GER"]
[WhiteElo "2306"]
[WhiteRD "89"]
[BlackElo "2448"]
[BlackRD "70"]
[GameID "175296"]

1. d4 Nf6 2. c4 e6 3. Nf3 d5 4. Nc3 Be7 5. Bg5 O-O 6. Qc2 Nbd7 7. e3 c5 8. cxd5 Nxd5 9. Bxe7 Qxe7 10. Nxd5 exd5
11. Bd3 g6 12. dxc5 Nxc5 13. O-O Bg4 14. Nd4 Rac8 15. Rac1 a6 16. Qd2 Rfe8 17. h3 Bd7 18. Rfd1 Qf6 19. Bb1 Ne6 20. Nf3 Rxc1
21. Rxc1 Bb5 22. b3 Bc6 23. a3 Kg7 24. a4 h5 25. Ba2 Rd8 26. Rd1 Be8 27. Bb1 Rc8 28. Re1 Bd7 29. a5 Rc3 30. b4 Bb5
31. Ba2 Rd3 32. Qc1 Bc4 33. Bxc4 Rc3 34. Qd2 Rxc4 35. b5 Rc5 36. bxa6 bxa6 37. Rb1 g5 38. Rd1 Rb5 39. Qe1 Qb2 40. g3 Qc2
41. h4= gxh4 42. Nxh4 d4 43. exd4 Nxd4 44. Kg2 Qc6+ 45. Kg1 Qc5 46. Kh2 Nc6 47. Qe2 Nxa5 48. Ng2 Qc4 49. Qe1 Qb4 50. Qe8 Qf8
51. Qe2 Qc8 52. Rd4 Nc6 53. Rc4 Qb7 54. Nf4=
1/2-1/2

[Event "another knock out "]
[Site "SchemingMind.com"]
[Date "2008.10.24"]
[Round "-"]
[White "fer_even"]
[Black "krueger"]
[Result "1-0"]
[WhiteCountry "ARG"]
[BlackCountry "USA"]
[WhiteElo "2518"]
[WhiteRD "93"]
[BlackElo "2183"]
[BlackRD "94"]
[GameID "175297"]

1. d4 Nf6 2. c4 e6 3. Nf3 d5 4. Nc3 c6 5. e3 Nbd7 6. Bd3 dxc4 7. Bxc4 b5 8. Bd3 a6 9. a4 b4 10. Nb1 c5
11. Nbd2 Bb7 12. Qe2 Be7 13. O-O O-O 14. Rd1 Qc7 15. Nc4 cxd4 16. exd4 Bd5 17. Nfe5 Rfc8 18. Bf4 Bxc4 19. Bxc4 Nxe5 20. Bd3 Nd5
21. Bxe5 Qb7 22. h4 Bf6 23. Qe4
1-0

[Event "another knock out "]
[Site "SchemingMind.com"]
[Date "2009.02.13"]
[Round "-"]
[White "fer_even"]
[Black "Konan_Kaddosh"]
[Result "1/2-1/2"]
[WhiteCountry "ARG"]
[BlackCountry "ITA"]
[WhiteElo "2551"]
[WhiteRD "98"]
[BlackElo "2618"]
[BlackRD "72"]
[GameID "191365"]

1. e4 c5 2. Nf3 Nc6 3. d4 cxd4 4. Nxd4 e5 5. Nb5 d6 6. N1c3 a6 7. Na3 b5 8. Nd5 Nf6 9. Bg5 Be7 10. Bxf6 Bxf6
11. c4 b4 12. Nc2 a5 13. Qd3 O-O 14. Be2 Rb8 15. O-O Bg5 16. Rad1 Be6 17. b3 h6 18. g3 Re8 19. Kh1 a4 20. f4 exf4
21. gxf4 Bh4 22. Bh5 axb3 23. axb3 g6 24. Bf3 Qc8 25. Nce3 Rb7 26. Ra1 Ne7 27. Nxe7+ Rbxe7 28. Ra5 Qd8 29. Ra6 Bh3 30. Rfa1 Re6
31. Nd5 Bf6 32. Rg1 Bg7 33. Rg3 Qc8 34. Rb6 f5 35. e5 dxe5 36. fxe5 Rxb6 37. Nxb6 Qc7 38. Nd5 Qxe5 39. Rxh3 Qa1+ 40. Kg2 Qb2+
41. Kf1 Bd4 42. Be2 Bc5 43. Rg3 g5 44. Rg2 Qe5 45. Qd2 Qa1+ 46. Qe1 Qe5 47. Qc1 Re6 48. Bh5 Qe4 49. Qd1 Qh4 50. Bf3 Kg7
51. Qd2 Qh3 52. Qd3 Qh4 53. Qd1 Re5 54. Qd2 Qh3 55. Qd3 Qh4 56. Qd1=
1/2-1/2

[Event "another knock out "]
[Site "SchemingMind.com"]
[Date "2009.02.12"]
[Round "-"]
[White "Konan_Kaddosh"]
[Black "fer_even"]
[Result "1/2-1/2"]
[WhiteCountry "ITA"]
[BlackCountry "ARG"]
[WhiteElo "2602"]
[WhiteRD "70"]
[BlackElo "2539"]
[BlackRD "93"]
[GameID "191371"]

1. e4 c6 2. d4 d5 3. e5 Bf5 4. Nf3 e6 5. Be2 Ne7 6. O-O Nd7 7. Nh4 c5 8. c3 Be4 9. Nd2 Nc6 10. Nxe4 dxe4
11. g3 Be7 12. d5 exd5 13. Nf5 g6 14. Nxe7 Nxe7 15. Bg5 Qc7 16. Bxe7 Kxe7 17. Qxd5 Qxe5 18. Qxb7 Rab8 19. Qxa7 Ra8 20. Qb7 Rhb8
21. Qc6 Rc8 22. Qb5 Rcb8 23. Qc6 Rc8=
1/2-1/2

[Event "another knock out "]
[Site "SchemingMind.com"]
[Date "2009.04.03"]
[Round "-"]
[White "Don71"]
[Black "Peacemaker"]
[Result "0-1"]
[WhiteCountry "NIR"]
[BlackCountry "GER"]
[WhiteElo "2229"]
[WhiteRD "131"]
[BlackElo "2477"]
[BlackRD "74"]
[GameID "198813"]

1. e4 c5 2. Nf3 Nc6 3. Bb5 g6 4. Nc3 Bg7 5. O-O e5 6. d3 Nge7 7. Bc4 O-O 8. Bg5 h6 9. Bh4 d6 10. a4 g5
11. Bg3 Bg4 12. h3 Bh5 13. Bh2 Nb4 14. g4 Bg6 15. Re1 Nec6 16. Rc1 Na5 17. Nd2 Nxc4 18. Nxc4 f6 19. Ne3 Qd7 20. Qf3 Bf7=
21. Nf5 Nc6 22. Nb5 d5 23. Nc3 d4 24. Nd5 Be6 25. c3 dxc3 26. bxc3 Rad8 27. Rb1 Bxd5 28. exd5 Qxd5 29. Qxd5+ Rxd5 30. Rxb7 Rf7
31. Rxf7 Kxf7 32. Rb1 Bf8 33. Rb7+ Ke6 34. Rc7 Ne7 35. Ne3 Rxd3 36. c4 Rd7 37. Rxc5 Rd6 38. Ra5 Nc8 39. Rb5 Rb6 40. Kg2 a6
41. Rd5 Be7 42. Kf3 Rc6 43. Rd2 a5 44. Rd5 Bc5 45. Nf5 Nb6 46. Rd8 h5 47. Rb8 h4 48. Ng7+ Kd7 49. Rb7+ Kc8 50. Rf7 Nxa4
51. Ne8 Nb6 52. Nxf6 Nxc4 53. Ke2 a4 54. Kd3 Bd4 55. Nd5 Rc5 56. Ne7+ Kd8 57. Nf5 Bb2 58. Ng7 Ra5 59. Kxc4 a3 60. Rf3 a2
61. Rd3+ Kc8 62. Rd1 a1=Q 63. Rxa1 Rxa1 64. Ne6 Rh1
0-1

[Event "another knock out "]
[Site "SchemingMind.com"]
[Date "2009.04.02"]
[Round "-"]
[White "Peacemaker"]
[Black "Don71"]
[Result "1/2-1/2"]
[WhiteCountry "GER"]
[BlackCountry "NIR"]
[WhiteElo "2453"]
[WhiteRD "81"]
[BlackElo "2251"]
[BlackRD "133"]
[GameID "198818"]

1. e4 e5 2. Nf3 Nc6 3. Bc4 Nf6 4. d3 d5 5. exd5 Nxd5 6. O-O Be7 7. Re1 f6 8. Bb3 Bg4 9. Nc3 Nxc3 10. bxc3 Na5
11. d4 Nxb3 12. axb3 Qd5 13. Qd3 O-O 14. dxe5 Qxd3 15. cxd3 Bxf3 16. gxf3 fxe5 17. f4 Bh4 18. Rxe5 Bf6 19. Rc5 c6 20. Bd2 a6
21. Kg2 Be7 22. Re5 Bf6 23. Rea5 Bd8 24. Rh5 g6 25. Re5 Bf6 26. Rea5 Bd8 27. R5a4 Bf6 28. d4 Rae8 29. Ra5 Re2 30. R1a2 Bh4
31. Be3 Rxa2 32. Rxa2 Be7 33. Kf3 Rf5 34. Ke4 Rh5 35. Rd2 Rxh2 36. d5 Rh5 37. dxc6 bxc6 38. Rd7 Kf8 39. c4 a5 40. Rc7 c5
41. Ra7 Kf7 42. Rxa5 Rf5 43. Kf3 Rh5 44. Ra7 Ke6 45. Rc7 Bd6 46. Rc6 Kd7 47. Ra6 Rh4 48. Ra7+ Ke6 49. Ra5 Rh5 50. Ra6 Ke7
51. Ke4 Kd7 52. f3= Be7 53. Rb6 Bd6 54. Bd2 Rh4 55. Ra6 Bc7 56. Ra7 Kc6 57. Be3 Rh5 58. Ra6+ Kd7 59. Ra2=
1/2-1/2

[Event "another knock out "]
[Site "SchemingMind.com"]
[Date "2009.09.12"]
[Round "-"]
[White "Peacemaker"]
[Black "fer_even"]
[Result "1/2-1/2"]
[WhiteCountry "GER"]
[BlackCountry "ARG"]
[WhiteElo "2478"]
[WhiteRD "73"]
[BlackElo "2577"]
[BlackRD "101"]
[GameID "218983"]

1. e4 c5 2. Nf3 Nc6 3. d4 cxd4 4. Nxd4 Nf6 5. Nc3 e5 6. Ndb5 d6 7. Bg5 a6 8. Na3 b5 9. Bxf6 gxf6 10. Nd5 f5
11. Bd3 Be6 12. O-O Bxd5 13. exd5 Ne7 14. c3 Bg7 15. Qh5 e4 16. Bc2 Qc8 17. Rae1 Nxd5 18. Bb3 Qb7= 19. Rxe4+ fxe4 20. Bxd5 Qa7
21. Nc2 Rc8 22. Re1 O-O 23. Bxe4 h6 24. Ne3 d5 25. Nxd5 Rfe8 26. Qg4 Kf8 27. Re3 Rc4 28. g3 Qb8 29. Qf3 Rc6 30. Qf5 Re5
31. Qh7 h5 32. Ne7 Rxe7 33. Bxc6 Rxe3 34. fxe3 Qd6 35. Bf3 Qd2 36. Qxh5 Qxe3+ 37. Kg2 Qd2+ 38. Kh3 Qxb2 39. c4 Qxa2 40. cxb5 Qf2
41. Be2 axb5 42. Qxb5 Bd4 43. Qa5=
1/2-1/2

[Event "another knock out "]
[Site "SchemingMind.com"]
[Date "2009.09.12"]
[Round "-"]
[White "fer_even"]
[Black "Peacemaker"]
[Result "1/2-1/2"]
[WhiteCountry "ARG"]
[BlackCountry "GER"]
[WhiteElo "2577"]
[WhiteRD "101"]
[BlackElo "2478"]
[BlackRD "73"]
[GameID "218985"]

1. d4 Nf6 2. c4 e6 3. Nf3 d5 4. Nc3 c6 5. e3 Nbd7 6. Bd3 dxc4 7. Bxc4 b5 8. Bd3 Bb7 9. a3 b4 10. Ne4 Nxe4
11. Bxe4 bxa3 12. bxa3 Bd6 13. Rb1 Rb8 14. Qa4 O-O 15. Nd2 Qc8 16. O-O f5 17. Bf3 c5 18. Qb3= Nb6 19. Bxb7 Rxb7 20. Nc4 Be7
21. a4 Rb8 22. Ba3 cxd4 23. Bxe7 Nxc4 24. Qa2 Rxb1 25. Rxb1 Re8 26. Rc1 Rxe7 27. Rxc4 Qb7=
1/2-1/2